Statistiken für Bundesliga TOP 50: Ausländische Spieler des SV Werder Bremen

Klicken Sie hier um das Quiz zu spielen!

Allgemein

  • Dieses Quiz wurde 218 mal gespielt
  • Das Durchschnittsergebnis liegt bei 23 aus 51

Antwortstatistiken

RangNationSpieleZeitraumPositionSpieler% Korrekt
2PER2501999 - 2001
2008 - 2012
2015 - 2017
2018 - 2020
STClaudio Pizarro
98%
9BRA1691998 - 2004STAílton
88%
14CZE1442017 - 2022TWJiří Pavlenka
88%
34BRA842006 - 2009MFDiego
78%
22FRA1232002 - 2006MFJohan Micoud
73%
8BRA1732005 - 2012VNaldo
73%
1CZE2712012 - 2021VTheodor Gebre Selassie
73%
11CRO1512001 - 2008STIvan Klasnić
70%
35AUT842018 - 2022VMarco Friedl
69%
24POR1172006 - 2010STHugo Almeida
67%
22SWE1232007 - 2012STMarkus Rosenberg
66%
6AUT1882012 - 2018MFZlatko Junuzović
66%
3AUT2361992 - 1995
1996 - 2001
MFAndreas Herzog
63%
40AUT722010 - 2013STMarko Arnautović
63%
13AUT1492008 - 2015VSebastian Prödl
63%
27SWE982017 - 2021VLudwig Augustinsson
62%
16SRB1382016 - 2022VMiloš Veljković
62%
33KOS872018 - 2021MFMilot Rashica
62%
39JPN732018 - 2021STYūya Ōsako
60%
42NED692018 - 2020MFDavy Klaassen
59%
37PAR802002 - 2006STNelson Valdez
59%
41USA702018 - 2021STJosh Sargent
58%
16UKR1381996 - 2004VViktor Skripnik
57%
21FIN1252016 - 2021VNiklas Moisander
55%
7NZL1741989 - 1994STWynton Rufer
54%
14FIN1442004 - 2011VPetri Pasanen
52%
49GRE592011 - 2013VSokratis
52%
19DEN1332004 - 2011MFDaniel Jensen
48%
45GRE662002 - 2004STAngelos Charisteas
44%
29ARG942013 - 2017VSantiago García
42%
11CAN1511997 - 2005VPaul Stalteri
39%
47FRA642003 - 2005VValérien Ismaël
38%
4NOR2301987 - 1994VRune Bratseth
30%
32CRO902005 - 2011MFJurica Vranješ
29%
38COD792012 - 2016VAssani Lukimya
27%
26SRB1122000 - 2004VMladen Krstajić
27%
45NED662012 - 2015MFEljero Elia
26%
36NED812000 - 2003VFrank Verlaat
23%
30HUN922001 - 2005MFKrisztián Lisztes
23%
27EGY981994 - 1998VHany Ramzy
21%
30SUI921997 - 2000MFRaphael Wicky
15%
50SRB561998 - 2002STRade Bogdanović
14%
48SRB602011 - 2014VAleksandar Ignjovski
11%
25AUT1141983 - 1987VBruno Pezzey
11%
44NAM681999 - 2003VRazundara Tjikuzu
11%
10JPN1591981 - 1986MFYasuhiko Okudera
11%
42UKR691997 - 2001MFJurij Maximow
9%
50RUS561994 - 1996STWladimir Bestschastnych
6%
18DEN1371966 - 1971MFOle Bjørnmose
5%
5DEN1941972 - 1979VPer Røntved
3%
20SUI1311965 - 1970MFJohn Danielsen
2%

Verteilung der Resultate

Perzentil nach korrekt beantworteten Fragen

Anzahl Personen mit jedem Resultat

Ihre Resultats-Entwicklung

Sie haben dieses Quiz noch nicht gespielt